Transatlantic Number One Songs - Statistics

General Stats
  • This quiz has been taken 24 times
  • The average score is 12 of 18
Answer Stats
Artist/Band Song % Correct
Robin Thicke featuring T.I. and Pharrell Williams Blurred Lines
84%
The Monkees I'm a Believer
79%
Gloria Gaynor I Will Survive
79%
The Weeknd Blinding Lights
74%
Sonny & Cher I Got You Babe
74%
Lorde Royals
74%
Mark Ronson featuring Bruno Mars Uptown Funk
74%
Coldplay Viva La Vida
74%
Men At Work Down Under
68%
Boyz II Men End of the Road
68%
Christina Aguilera/Lil' Kim/Mýa/Pink Lady Marmalade
68%
Macklemore & Ryan Lewis Thrift Shop
68%
Meat Loaf I'd Do Anything for Love (But I Won't Do That)
63%
Roy Orbison Oh Pretty Woman
63%
Rod Stewart Maggie May
53%
Hanson MMMBop
53%
Barbra Streisand Woman In Love
53%
Nelly featuring Kelly Rowland Dilemma
47%
No matching quizzes found
Score Distribution
Percent of People with Each Score
Percentile by Number Answered
Your Score History
You have not taken this quiz